| 000 | 00654nam a2200169 4500 | ||
|---|---|---|---|
| 003 | CO-ViMGA | ||
| 020 | _a9789586654029 | ||
| 040 |
_aCO-ViMGA _bspa _cCO-ViMGA |
||
| 082 | 0 | 4 |
_a304.80986 _bR83d |
| 100 | 1 |
_aRuiz Ruiz, Nubia Yaneth _98588 |
|
| 245 | 1 | 0 |
_aEl desplazamiento forzado en Colombia : _bpoblación, territorio y violencia / _cNubia Yaneth Ruiz Ruiz. |
| 260 |
_aBogotá : _bsiglo del Hombre Editores, _c2016. |
||
| 300 |
_a348 páginas : _bilustraciones, mapas, gráficas ; 24 cm. |
||
| 490 | _aPlan Nacional de Lectura y Escritura Leer es mi Cuento / Ministerio de Cultura | ||
| 650 | 1 | 4 |
_aDesplazamiento forzado _zColombia _98589 |
| 942 |
_2ddc _cBK |
||
| 999 |
_c7635 _d7635 |
||